| 000 | 00547nam a2200229 a 4500 | ||
|---|---|---|---|
| 001 | nice12345678 | ||
| 003 | IN_TiNIC | ||
| 005 | 20260116012552.0 | ||
| 008 | 050524s1946 alla grp 000 0 urd | ||
| 020 |
_a _c100 |
||
| 082 | 0 | 0 |
_a245 _bMIS |
| 245 | _aMajmua-E-Ghazaliyat | ||
| 260 |
_aAllahabad _bNorth India Christian Tracts _c1946 |
||
| 300 | _a23p | ||
| 500 | _aincludes index and biblioraphy | ||
| 505 | 2 | _aroman urdu | |
| 650 | _aChristian-Poetry | ||
| 710 | 2 | _aMission Press | |
| 902 | _bSRS | ||
| 942 | _cBK | ||
| 999 |
_c7492 _d7492 |
||